[Event "Odense Andersen op"]
[Site "Odense"]
[Date "2013.05.12"]
[Round "3"]
[White "Nielsen, John Bauneborg"]
[Black "Iversen, Christian"]
[Result "1/2-1/2"]
[WhiteElo "2161"]
[BlackElo "1876"]
[PlyCount "47"]
[EventDate "2013.05.08"]
[EventType "swiss"]
[EventRounds "9"]
[EventCountry "DEN"]
[SourceTitle "CBM 154 Extra"]
[Source "ChessBase"]
[SourceDate "2013.06.25"]
[SourceVersion "2"]
[SourceVersionDate "2013.06.25"]
[SourceQuality "1"]

1. d4 d5 2. c4 e6 3. Nc3 c6 4. e4 dxe4 5. Nxe4 Bb4+ 6. Nc3 c5 7. a3 Bxc3+ 8. bxc3 Nf6 9. Nf3 Nc6 10. Qd3 0-0 11. Be2 Re8 12. 0-0 e5 13. dxe5 Qxd3 14. Bxd3 Nxe5 15. Nxe5 Rxe5 16. Bf4 Re8 17. Rfe1 Bd7 18. Be5 Bc6 19. f3 Rad8 20. Bf5 Bd7 21. Bxf6 gxf6 22. Rxe8+ Bxe8 23. Be4 Bc6 24. Bxc6 1/2-1/2

[Event "Odense Andersen op"]
[Site "Odense"]
[Date "2013.05.11"]
[Round "6"]
[White "Iversen, Christian"]
[Black "Rendboe, John Filip"]
[Result "1/2-1/2"]
[WhiteElo "1876"]
[BlackElo "2241"]
[PlyCount "45"]
[EventDate "2013.05.08"]
[EventType "swiss"]
[EventRounds "9"]
[EventCountry "DEN"]
[SourceTitle "CBM 154 Extra"]
[Source "ChessBase"]
[SourceDate "2013.06.25"]
[SourceVersion "2"]
[SourceVersionDate "2013.06.25"]
[SourceQuality "1"]

1. d4 d5 2. c4 e6 3. Nc3 Be7 4. Bf4 Nf6 5. e3 0-0 6. Bd3 b6 7. Nf3 Bb7 8. cxd5 exd5 9. Ne5 c5 10. 0-0 Nc6 11. dxc5 bxc5 12. Rc1 Qb6 13. Na4 Qa5 14. b3 Rad8 15. Qe1 Qxe1 16. Rfxe1 Nxe5 17. Bxe5 Rc8 18. Bf5 Rc6 19. Red1 g6 20. Bh3 c4 21. bxc4 dxc4 22. Bd7 Nxd7 23. Rxd7 1/2-1/2

[Event "Odense Andersen op"]
[Site "Odense"]
[Date "2013.05.11"]
[Round "7"]
[White "Olsen, Aage Dalstrup"]
[Black "Iversen, Christian"]
[Result "1/2-1/2"]
[WhiteElo "2056"]
[BlackElo "1876"]
[PlyCount "110"]
[EventDate "2013.05.08"]
[EventType "swiss"]
[EventRounds "9"]
[EventCountry "DEN"]
[SourceTitle "CBM 154 Extra"]
[Source "ChessBase"]
[SourceDate "2013.06.25"]
[SourceVersion "2"]
[SourceVersionDate "2013.06.25"]
[SourceQuality "1"]

1. e4 Nf6 2. e5 Nd5 3. d4 d6 4. Nf3 dxe5 5. Nxe5 g6 6. c4 Nf6 7. Nc3 Bg7 8. Be3 0-0 9. Qf3 Nbd7 10. Nxd7 Nxd7 11. Rd1 c5 12. d5 Bxc3+ 13. bxc3 Qa5 14. Bh6 Re8 15. Rd2 Nf6 16. h3 Bf5 17. Bd3 Qxc3 18. Bxf5 Qe5+ 19. Kf1 Qxf5 20. Qxf5 gxf5 21. Rd3 Ne4 22. Rg1 e5 23. Rf3 f4 24. Ke2 Kh8 25. g3 Rg8 26. Rb1 Rg6 27. gxf4 Rxh6 28. fxe5 b6 29. Rg1 Rg8 30. Rxg8+ Kxg8 31. Rf4 Nc3+ 32. Kd3 Nxa2 33. Rg4+ Kf8 34. h4 Nb4+ 35. Ke4 a5 36. f4 a4 37. Rg3 Nc2 38. Rc3 Nd4 39. Ra3 Rxh4 40. Rxa4 Ne2 41. Ra8+ Kg7 42. e6 Nxf4 43. Kf5 Nxe6 44. dxe6 fxe6+ 45. Kg5 Rxc4 46. Ra7+ Kf8 47. Kf6 Ke8 48. Kxe6 Kd8 49. Kd6 Rd4+ 50. Kc6 Rb4 51. Kd6 Kc8 52. Kc6 Kb8 53. Rxh7 c4 54. Rh8+ Ka7 55. Rh7+ Kb8 1/2-1/2

[Event "Odense Andersen op"]
[Site "Odense"]
[Date "2013.05.10"]
[Round "5"]
[White "Pedersen, Henrik Bolding"]
[Black "Iversen, Christian"]
[Result "1/2-1/2"]
[WhiteElo "2125"]
[BlackElo "1876"]
[PlyCount "31"]
[EventDate "2013.05.08"]
[EventType "swiss"]
[EventRounds "9"]
[EventCountry "DEN"]
[SourceTitle "CBM 154 Extra"]
[Source "ChessBase"]
[SourceDate "2013.06.25"]
[SourceVersion "2"]
[SourceVersionDate "2013.06.25"]
[SourceQuality "1"]

1. e4 Nf6 2. Nc3 d5 3. e5 Ne4 4. Nce2 f6 5. d3 Ng5 6. Bxg5 fxg5 7. h4 gxh4 8. Rxh4 Nc6 9. Nf3 e6 10. d4 Bd7 11. Qd2 Qe7 12. Ng3 0-0-0 13. a3 g6 14. 0-0-0 h5 15. Kb1 Bh6 16. Qc3 1/2-1/2